<?xml version="1.0" encoding="UTF-8"?>
<record
    xmlns:xsi="http://www.w3.org/2001/XMLSchema-instance"
    xsi:schemaLocation="http://www.loc.gov/MARC21/slim http://www.loc.gov/standards/marcxml/schema/MARC21slim.xsd"
    xmlns="http://www.loc.gov/MARC21/slim">

  <leader>00437nam a22001217a 4500</leader>
  <controlfield tag="008">190222b        xxu||||| |||| 00| 0 eng d</controlfield>
  <datafield tag="082" ind1=" " ind2=" ">
    <subfield code="a">707</subfield>
    <subfield code="b">AL473p</subfield>
  </datafield>
  <datafield tag="100" ind1=" " ind2=" ">
    <subfield code="a">Trugeda, Javier et all. </subfield>
    <subfield code="9">6925</subfield>
  </datafield>
  <datafield tag="245" ind1=" " ind2=" ">
    <subfield code="a">PES CERO</subfield>
  </datafield>
  <datafield tag="260" ind1=" " ind2=" ">
    <subfield code="a">M&#xE9;xico</subfield>
    <subfield code="b">SOMA</subfield>
    <subfield code="b">Fundaci&#xF3;n Alumnos47</subfield>
    <subfield code="c">2018</subfield>
  </datafield>
  <datafield tag="300" ind1=" " ind2=" ">
    <subfield code="a">106 p.</subfield>
    <subfield code="b">ill.</subfield>
    <subfield code="c">20,3 x 13,2 cm</subfield>
  </datafield>
  <datafield tag="650" ind1=" " ind2=" ">
    <subfield code="2">Arte contempor&#xE1;neo</subfield>
    <subfield code="v">Arte - educaci&#xF3;n</subfield>
    <subfield code="x">Arte - investigaci&#xF3;n</subfield>
    <subfield code="x">Arte - educaci&#xF3;n - taller</subfield>
    <subfield code="z">Arte - M&#xE9;xico</subfield>
    <subfield code="9">6926</subfield>
  </datafield>
  <datafield tag="999" ind1=" " ind2=" ">
    <subfield code="c">1734</subfield>
    <subfield code="d">1734</subfield>
  </datafield>
  <datafield tag="952" ind1=" " ind2=" ">
    <subfield code="0">0</subfield>
    <subfield code="1">0</subfield>
    <subfield code="2">ddc</subfield>
    <subfield code="4">0</subfield>
    <subfield code="7">0</subfield>
    <subfield code="a">LV</subfield>
    <subfield code="b">LV</subfield>
    <subfield code="c">Pensamiento</subfield>
    <subfield code="d">2019-02-22</subfield>
    <subfield code="l">0</subfield>
    <subfield code="o">707 AL473p</subfield>
    <subfield code="p">002166</subfield>
    <subfield code="r">2019-02-22 00:00:00</subfield>
    <subfield code="w">2019-02-22</subfield>
    <subfield code="y">01</subfield>
  </datafield>
</record>
